000 00910nmm a2200265 a 4500
001 ocm000663733
003 TR-IsHL
005 20201028141319.0
008 131226s2010 tu tur
007 cr cn
020 _a9789757699903
035 _a663733
_b(N$T)
050 0 4 _aPA1057
_b.A73 2010
090 0 4 _aPA1057
_b.A73 2010
100 1 _aArdakoç, Nami
245 1 0 _aModern Yunan dili seyahat ve konuşma kılavuzu
_h[electronic resource] /
_cNami Ardakoç
260 _aİstanbul :
_bGeçit Kitabevi,
_c2010
300 _a288 p.
650 4 _aDil ve Edebiyat
650 4 _aLanguage and Literature
650 0 _aModern Yunan dili seyahat ve konuşma kılavuzu
650 0 _aModern Greek language and speech travel guide
650 7 _aFOREIGN LANGUAGE STUDY / Greek (Modern)
_2bisacsh
856 4 0 _uhttp://search.ebscohost.com/login.aspx?direct=true&scope=site&db=e011xww&AN=663733
999 _c7753
_d7753